| Tag |
First Indicator |
Second Indicator |
Subfields |
| LEADER |
00000cam a2200000 i 4500 |
| 001 |
in00000784621 |
| 005 |
20151017061804.0 |
| 008 |
800625s1970 ua af 00010 fre d |
| 035 |
|
|
|a (OCoLC)06458788
|
| 035 |
|
|
|9 ADM7643AM
|
| 040 |
|
|
|a UUM
|c UUM
|d m/c
|d TXA
|d UtOrBLW
|
| 043 |
|
|
|a f-ua---
|
| 049 |
|
|
|a TXAM
|c [A12437676]
|
| 050 |
|
4 |
|a DT57
|b .C16 t.14
|
| 100 |
1 |
|
|a Černý, Jaroslav,
|d 1898-1970.
|
| 245 |
1 |
0 |
|a Catalogue des ostraca hiératiques non littéraires de Deir el- Medineh :
|b nos. 624-705 /
|c Jaroslav Černy.
|
| 264 |
|
1 |
|a Le Caire :
|b Impr. de l'Institut français d'archéologie orientale du Caire,
|c 1970.
|
| 300 |
|
|
|a viii, 18 pages, 14 leaves of plates :
|b illustrations ;
|c 31 cm.
|
| 336 |
|
|
|a text
|b txt
|2 rdacontent
|
| 337 |
|
|
|a unmediated
|b n
|2 rdamedia
|
| 338 |
|
|
|a volume
|b nc
|2 rdacarrier
|
| 490 |
1 |
|
|a Documents de fouilles ;
|v t. 14
|
| 490 |
1 |
|
|a Publications de l'Institut français d'archéologie orientale
|
| 504 |
|
|
|a Includes bibliographical references.
|
| 651 |
|
0 |
|a Deir el-Medina Site (Egypt)
|
| 650 |
|
0 |
|a Ostraka.
|
| 650 |
|
0 |
|a Inscriptions, Egyptian.
|
| 740 |
0 |
2 |
|a Ostraca hiératiques non littéraires.
|
| 830 |
|
0 |
|a Documents de fouilles ;
|v t. 14.
|
| 830 |
|
0 |
|a Publications de l'Institut français d'archéologie orientale du Caire.
|
| 999 |
|
|
|a MARS
|
| 999 |
f |
f |
|s 9b281660-2f8e-35c8-8fa4-8033297aedab
|i 90992871-b82c-3b33-82e2-22f9ab52442e
|t 0
|
| 952 |
f |
f |
|p ric
|a Texas A&M University
|b Rellis Campus
|c Joint Library Facility
|d Remote Storage
|t 0
|e DT57 .C16 t.14
|h Library of Congress classification
|i unmediated -- volume
|m A14812437676
|
| 998 |
f |
f |
|a DT57 .C16 t.14
|t 0
|l Remote Storage
|